| 000 | 03706nam0a2200397 4500 | ||
|---|---|---|---|
| 001 | RU\NLR\BIBL_A\012874175 | ||
| 005 | 20221123124808.0 | ||
| 010 |
_a978-5-8019-0521-1 _9100 |
||
| 021 |
_aRU _bКН-П-22-040885 _9КН-П-22-3531 |
||
| 035 | _a(NLR Aleph) 012874175 | ||
| 035 | _a(RuMoRGB)011122380 | ||
| 090 |
_a12498870 _c12498870 |
||
| 100 | _a20220824d2022 k y0rusy50 ca | ||
| 101 | 0 |
_arus _aeng _ager |
|
| 102 | _aRU | ||
| 105 | _aa|||z|||100zy | ||
| 181 | 0 |
_ai _baxxe |
|
| 182 | 0 | _an | |
| 200 | 1 |
_aМатериалы V Международной научно-практической конференции "Актуальные вопросы лингвистики, межкультурной коммуникации и методики преподавания иностранных языков в вузе", [8 апреля 2022 г. г. Екатеринбург] _fМинистерство науки и высшего образования Российской Федерации, ФГБОУ ВО "Уральский государственный горный университет" _gотв. ред.: Л. Г. Юсупова, О. И. Таюпова |
|
| 203 |
_aТекст _bвизуальный _cнепосредственный |
||
| 210 |
_aЕкатеринбург _cИзд-во УМЦ УПИ _d2022 |
||
| 215 |
_a484 с. _cил. _d20 |
||
| 300 | _aЧасть текста англ., нем. | ||
| 320 | _aБиблиогр. в конце докл. | ||
| 330 | _aСборник содержит статьи участников V Международной научно-практической конференции "Актуальные вопросы лингвистики, межкультурной коммуникации и методики преподавания иностранных языков в вузе", организованной по инициативе кафедры иностранных языков и деловой коммуникации УГГУ (Россия). Материалы посвящены современным проблемам лингвистики и методике преподавания иностранных языков в поликультурном образовательном пространстве в контексте межкультурной коммуникации. Издание предназначено широкому кругу научных работников и преподавателей, а также докторантам, магистрантам и студентам, интересующихся проблемами лингвистики, межкультурной коммуникации и методики преподавания иностранных языков в вузе | ||
| 606 | 1 |
_aИностранные языки _jСъезды, совещания и т.п _xПреподавание _xВысшая школа _92144180 _3RU\NLR\AUTH\661291992 |
|
| 606 | 1 |
_aЯзыкознание _jСъезды, совещания и т.п _9911558 _3RU\NLR\AUTH\6613279 |
|
| 675 |
_a81(082) _v4 |
||
| 686 | 1 | _aЧ486.17(2Р)я431 | |
| 686 | 1 | _aШ1я431 | |
| 710 | 1 | 2 |
_a"Актуальные вопросы лингвистики, межкультурной коммуникации и методики преподавания иностранных языков в вузе", международная научно-практическая конференция _d5 _eЕкатеринбург _f2022 _9808232 _3RU\NLR\AUTH\880570993 |
| 942 | _cBOOK | ||
| 980 | _aNB | ||